00500nam a2200157Ia 450000500170000000800410001708200130005810000180007124500300008926000480011930000160016750000390018394200060022295200990022899900150032720250509052404.0240331s9999 xx 000 0 und d bSOMa891 aSomakandan, P 0aEelaththu manpuru makalir aColombo - ChennaibKumaran Publishersc2003 aX, 188 p ., aService Sketches Of Renowned Women cL 001040708LaWERCLbWERCLcSSCd2024-03-31l0o 894.811 SOMp4807r2024-03-31w2024-03-31yL c4331d4331